Quel Pokémon peut apprendre cette capacité ? - Statistiques

Statistiques générales
  • Ce quiz a été pris 110 fois
  • Le résultat moyen est 14 sur 20
Statistiques - réponses
Capacité Pokémon % Correct
Hydroblast [Eau] (8) Tortank/Aligatueur/Laggron/Pingoléon/Clamiral/Amphinobi/Oratoria/Lézargus
98%
Lait à Boire [Normal] (3) Écrémeuh/Cabriolaine/Chevroum
93%
Électacle [Électrik] (3) Pichu/Pikachu/Raichu
92%
Sheauriken [Eau] (2) Amphinobi/Limaspeed
89%
Magné-Contrôle [Électrik] (7) Électrode/Électhor/Pharamp/Magnézone/Tarinorme/Cliticlic/Salarsen (Forme Grave)
89%
Bombe-Aimant [Acier] (5) Magnéti/Magnéton/Magnézone/Tarinorme/Genesect
86%
Claquoir [Eau] (7) Kokiyas/Crustabri/Coquiperl/Serpang/Rosabyss/Opermine/Golgopathe
79%
Cogne [Combat] (7) Scarhino/Makuhita/Hariyama/Grotichon/Roitiflam/Pandespiègle/Pandarbare
78%
Pico-Défense [Plante] (6) Cacturne/Feuillajou/Feuiloutan/Maracachi/Blindépique/Togedemaru
76%
Aria de l'Ecume [Eau] (2) Lokhlass/Oratoria
75%
Roc-Boulet [Roche] (3) Rhinastoc/Crabicoque/Crabaraque
75%
Ire de la Nature [Fée] (4) Tokorico/Tokopiyon/Tokotoro/Tokopisco
74%
Lumi-Queue [Insecte] (3) Muciole/Manaphy/Câblifère
71%
Flamme Ultime [Feu] (9) Caninos/Arcanin/Sulfura/Héricendre/Feurisson/Typhlosion/Gruikui/Grotichon/Roitiflam
67%
Triple Pied [Combat] (2) Kapoera/Cancrelove
64%
Crève-Cœur [Psy] (6) Lippoutou/Écrémeuh/Lippouti/Lovdisc/Chovsourir/Rhinolove
60%
Bulldoboule [Insecte] (5) Grolem/Venipatte/Scobolide/Brutapode/Engloutyran
54%
Draco-Marteau [Dragon] (2) Noadkoko (d'Alola)/Tropius
51%
Vigilance [Fée] (6) Éoko/Tutafeh/Tutankafer/Trousselin/Magearna/Tutétékri
40%
Projecteur [Normal] (7) Mélofée/Mélodelfe/Staross/Lanturn/Spinda/Spododo/Lampignon
28%
Aucun quiz correspondant
Distribution des résultats
% des personnes avec chaque résultat
Percentile par nombre de réponses
Votre historique - résultats
Vous n’avez pas pris ce quiz